1494 1997 1357 1145 1513 1628 1304 1010 1481 1038 1185 1843 1556 1841 1071 1073 1164 1707 1606 1955 1592 1002 1215 1466 1791 1678 1386 1467 1848 1854 1200 1485 1998 1887 1044 1723 1423 1532 1738 1335 1504 1504 1534 1833 1279 1302 1615 1845 1979 1216 1573 1659 1664 1635 1190 1931 1985 1585 1406 1901 1104 1164 1990 1332 1741 1992 1487 1310 1842 1553 1916 1725 1919 1419 1728 1009 1523 1552 1183 1481 1432 1238 1122 1069 1494 1996 1106 1310 1030 1348 1049 1590 1532 1084 1025 1640 1038 1376 1427 BCNSPRNW ULIB Ver.6.0+V

เปลี่ยนเป็นภาษาไทย

Change to English
 แสดงรายละเอียดบรรณานุกรม
  กลับหน้าหลัก

Brief Record : Get Marc (ISO 2709) : E-mail record : QR code < ปิดหน้าต่าง
LEADER : 00000nam 2200000uu 4500
001    13399128359
003     ULIB
008    230707s2561||||th 000 0 tha d
020    ^a9786164557673
060  0 ^aWV230^bว64ร
100 0  ^aวิราภรณ์ อัจฉริยะเสถียร
245 10 ^aโรคของหูชั้นกลาง /^cวิราภรณ์ อัจฉริยะเสถียร, ยุวติยา ปลอดภัย
246 31 ^aMiddle ear diseases
260    ^aกรุงเทพฯ :^bสหมิตรพัฒนาการพิมพ์^c2561
300    ^a354 หน้า :^bภาพประกอบ
590    ^aGift-T-61
650  7 ^aหู^xโรค
650  7 ^aaหูชั้นกลางอักเสบ
690    ^aสิ่งพิมพ์มหาวิทยาลัยสงขลานครินทร์
700 0  ^aยุวติยา ปลอดภัย
710 2  ^aมหาวิทยาลัยสงขลานครินทร์^bคณะแพทยศาสตร์^bภาควิชา โสต ศอ นาสิกวิทยา
945    ^p790^l0^i009775
945    ^p790^l0^i009776
945    ^p790^l0^i009777
945    ^p790^l0^i009778
945    ^p790^l0^i009779
999    ^aประนอม เกษจรัล
รายการนี้ยังไม่มีแท็ก
คุณยังไม่ได้ล็อกอิน คุณสามารถมีกิจกรรมร่วมกับเว็บไซต์ได้ แต่ต้องล็อกอินก่อน ::
  ล็อกอิน

รายการสื่อสารสนเทศ

ลำดับที่ ประเภท เลขเรียก/บาร์โค้ด สถานที่ สถานะ
1. วิทยาศาสตร์การแพทย์ และสุขภาพ
หนังสือสำรอง
สถานะ=หนังสือสำรอง
WV230 ว64ร ฉ.1 
  Barcode: 009775
ห้องสมุดวิทยาเขตสวรรค์ประชารักษ์
►หนังสือทั่วไป
บนชั้น
2. วิทยาศาสตร์การแพทย์ และสุขภาพ
วิทยาศาสตร์การแพทย์ และสุขภาพ
WV230 ว64ร ฉ.2 
  Barcode: 009776
ห้องสมุดวิทยาเขตสวรรค์ประชารักษ์
►หนังสือทั่วไป
บนชั้น
3. วิทยาศาสตร์การแพทย์ และสุขภาพ
วิทยาศาสตร์การแพทย์ และสุขภาพ
WV230 ว64ร ฉ.3 
  Barcode: 009777
ห้องสมุดวิทยาเขตสวรรค์ประชารักษ์
►หนังสือทั่วไป
บนชั้น
4. วิทยาศาสตร์การแพทย์ และสุขภาพ
วิทยาศาสตร์การแพทย์ และสุขภาพ
WV230 ว64ร ฉ.4 
  Barcode: 009778
ห้องสมุดวิทยาเขตสวรรค์ประชารักษ์
►หนังสือทั่วไป
บนชั้น
5. วิทยาศาสตร์การแพทย์ และสุขภาพ
วิทยาศาสตร์การแพทย์ และสุขภาพ
WV230 ว64ร ฉ.5 
  Barcode: 009779
ห้องสมุดวิทยาเขตสวรรค์ประชารักษ์
►หนังสือทั่วไป
บนชั้น

รายการใกล้เคียง
    ผู้แต่ง [วิราภรณ์ อัจฉริยะเสถียร]

    หัวเรื่อง [aหูชั้นกลางอักเสบ]

BibComment


ยังไม่เคยถูกคอมเมนท์

คอมเมนท์ทรัพยากรรายการนี้
  คอมเมนท์: โรคของหูชั้นกลาง..


 Copyright 2026. Bcnsprnw @Library